LEADER 03604nam 2200565 450 001 9910480019903321 005 20180731043558.0 010 $a1-4704-1024-9 035 $a(CKB)3360000000464288 035 $a(EBL)3113405 035 $a(SSID)ssj0001034499 035 $a(PQKBManifestationID)11586753 035 $a(PQKBTitleCode)TC0001034499 035 $a(PQKBWorkID)11007060 035 $a(PQKB)11498698 035 $a(MiAaPQ)EBC3113405 035 $a(PPN)197102409 035 $a(EXLCZ)993360000000464288 100 $a20140615h20132013 uy 0 101 0 $aeng 135 $aur|n|---||||| 181 $ctxt 182 $cc 183 $acr 200 10$aAdvances in ultrametric analysis $e12th International Conference on p-adic Functional Analysis, July 2-6, 2012, University of Manitoba, Winnipeg, Canada /$fKhodr Shamseddine, editor 210 1$aProvidence, Rhode Island :$cAmerican Mathematical Society,$d2013. 210 4$dİ2013 215 $a1 online resource (304 p.) 225 1 $aContemporary Mathematics,$x1098-3627 ;$vVolume 596 300 $aDescription based upon print version of record. 311 $a0-8218-9142-1 320 $aIncludes bibliographical references. 327 $a""Survey on -adic meromorphic functions a??? a???( ), a??? a???( ) sharing a small function and additional properties""""1. Proof of Theorem P""; ""Acknowlegement""; ""References""; ""The -adic -distributions""; ""1. The -adic -distributions _{ }""; ""2. Integrals with respect to the distributions _{ }""; ""3. The Laplace transform of the distribution _{ }""; ""References""; ""Morphisms between ultrametric Banach algebras and maximal ideals of finite codimension""; ""1. Introduction and preliminaries""; ""2. Morphisms of algebras and "" 327 $a""7. Parameter dependence of the conjugacy""""Appendix A. Existence of ultrametric adapted norms""; ""Appendix B. Proof of Lemma 7.1""; ""Appendix C. Proof of Lemma 7.4""; ""Appendix D. Proof of Lemma 7.10""; ""References""; ""Integral Representations of Continuous Linear Maps On -adic Spaces of Continuous Functions""; ""1. Preliminaries""; ""2. The Space ( ( ), ( , ))""; ""3. Integration""; ""4. Separable Measures""; ""5. The Case of a Normed Space E""; ""References""; ""Subfields of valued, complete fields""; ""1. Introduction""; ""2. Preliminaries""; ""3. The main result"" 327 $a""4. Proofs""""5. On the countability condition""; ""References""; ""On some classes of non-Archimedean operator algebras""; ""1. Introduction""; ""2. Normal Operators""; ""3. Commutative Algebras and Algebras with Baer Reductions""; ""4. Non-Archimedean Crossed Products""; ""References""; ""Some identities and congruences for Stirling numbers of the second kind""; ""Introduction.""; ""1. Preliminaries.""; ""2. Identities and congruences for Stirling numbers of the second kind.""; ""3. Generalized Stirling numbers of the second kind attached to an invariant function modulo ^{a???}."" 327 $a""Acknowledgments"" 410 0$aContemporary mathematics (American Mathematical Society) ;$vVolume 596. 606 $aFunctional analysis$vCongresses 608 $aElectronic books. 615 0$aFunctional analysis 676 $a515/.7 702 $aShamseddine$b Khodr$f1966- 712 12$aInternational Conference on p-adic Functional Analysis 801 0$bMiAaPQ 801 1$bMiAaPQ 801 2$bMiAaPQ 906 $aBOOK 912 $a9910480019903321 996 $aAdvances in ultrametric analysis$9836785 997 $aUNINA LEADER 02755nam 2200661 a 450 001 9910456913703321 005 20200520144314.0 010 $a1-283-80576-6 010 $a0-8276-0984-1 035 $a(CKB)2520000000008266 035 $a(EBL)1062340 035 $a(OCoLC)818820226 035 $a(SSID)ssj0000419446 035 $a(PQKBManifestationID)11327349 035 $a(PQKBTitleCode)TC0000419446 035 $a(PQKBWorkID)10382783 035 $a(PQKB)11043424 035 $a(MiAaPQ)EBC1062340 035 $a(OCoLC)676700883 035 $a(MdBmJHUP)muse12571 035 $a(Au-PeEL)EBL1062340 035 $a(CaPaEBR)ebr10372119 035 $a(CaONFJC)MIL411826 035 $a(EXLCZ)992520000000008266 100 $a20080625d2009 uy 0 101 0 $aeng 135 $aurcn||||||||| 181 $ctxt 182 $cc 183 $acr 200 12$aA heart afire$b[electronic resource] $estories and teachings of the early Hasidic masters /$ftranslated and retold with commentary by Zalman Schachter-Shalomi and Netanel Miles-Yepez ; with a foreword by Arthur Green 205 $a1st ed. 210 $aPhiladelphia $cJewish Publication Society$d2009 215 $a1 online resource (434 p.) 300 $aDescription based upon print version of record. 311 $a0-8276-0884-5 320 $aIncludes bibliographical references (p. 383-390) and index. 327 $aThe hidden tradition and the Ba'al Shem Tov -- The circle of the Ba'al Shem and the Maggid of Mezritch -- The circle of the Maggid and the rebbe king. 330 $aThe interpretations in A Heart Afire are as rich and meaningful as the teachings and tales themselves in this intimate guided tour of Hasidism and Hasidic storytelling led by Reb Zalman, an old-world Hasidic elder who is also profoundly connected to modern culture. As a bridge between both worlds, Reb Zalman, and his co-author and student Netanel Miles-Yepez, introduce the reader to rare and unique translations of Hasidism with their own personal reflections on their meaning. This book gives the readers the opportunity to immerse themselves in the world of Hasidic wisdom and narrative 606 $aHasidim$vLegends 606 $aRabbis$vLegends 606 $aJewish legends 606 $aHasidism$xHistory 608 $aElectronic books. 615 0$aHasidim 615 0$aRabbis 615 0$aJewish legends. 615 0$aHasidism$xHistory. 676 $a296.8/332 700 $aSchachter-Shalomi$b Zalman$f1924-$01039663 701 $aMiles-Yepez$b Netanel$01039664 801 0$bMiAaPQ 801 1$bMiAaPQ 801 2$bMiAaPQ 906 $aBOOK 912 $a9910456913703321 996 $aA heart afire$92461996 997 $aUNINA